000
00275nam a2200109Ia 4500
008
190216s9999||||xx |||||||||||||| ||und||
100
_a
Batli Boi
245
0
_a
Questions And Answers In Book-Keeping And Accounting
260
_b
Kalyani Pub
_c
1982
300
_a
606p
942
_c
BK
999
_c
3840
_d
3840